000 00208nam a2200085Ia 4500
008 120527s9999 xx 000 0 und d
100 _aAJIBOYE, Segun
245 _aMan, Nature and His environmet II
942 _cBK
999 _c25329
_d25329